Confessions under Malaysian law

Bibliographic Details
Main Author: Mohd. Akram Shair Mohamad
Format: Book
Published: Kuala Lumpur : Mohd Akram Shair Mohamad , 1992
Subjects:

MARC

LEADER 00000cam a2200000 7i4500
001 0000002877
002 000003113
005 20000330.0
020 |a 9839981501 
090 0 0 |a 345.0609595   |b MOH 
100 0 |a Mohd. Akram Shair Mohamad   |f Hj 
245 1 0 |a Confessions under Malaysian law   |c Hj. Mohd. Akram Shair Mohamad 
260 |a Kuala Lumpur :   |b Mohd Akram Shair Mohamad ,   |c 1992 
300 |a 253p. ;   |c 24cm. 
650 0 0 |a Confession (Law)   |z Malaysia 
999 |a 036448   |b BUKU   |c MALAYSIANA   |e PERPUSTAKAAN KOMUNITI PETALING JAYA